logo

Bir Sreshtho Munshi Abdur Rouf Library
Jhenaidah Cadet College

ইদিপাসের গল্প / (Record no. 12932)

MARC details
000 -LEADER
fixed length control field 00674nam a2200217 a 4500
001 - CONTROL NUMBER
JCCL Control Number 12932
003 - CONTROL NUMBER IDENTIFIER
JCCL marc code BD-JhCC
005 - DATE AND TIME OF LATEST TRANSACTION
control field 20230605112456.0
008 - FIXED-LENGTH DATA ELEMENTS--GENERAL INFORMATION
fixed length control field 230605s2018 b |||| |||| 000 0 b d
020 ## - INTERNATIONAL STANDARD BOOK NUMBER
International Standard Book Number 9789848056011
035 ## - SYSTEM CONTROL NUMBER
system control number (BD-JhCC)12932
040 ## - CATALOGING SOURCE
Original cataloging agency BD-JhCC
Modifying agency BD-JhCC
041 ## - LANGUAGE CODE
Language code of Book eng
082 ## - DEWEY DECIMAL CLASSIFICATION NUMBER
Classification number 891.4435
Author mark and Year ROS 2018
100 ## - MAIN ENTRY--PERSONAL NAME
Personal name রশীদ, রফিকুর
245 ## - TITLE STATEMENT
Title ইদিপাসের গল্প /
Statement of responsibility, etc রফিকুর রশীদ
260 ## - PUBLICATION, DISTRIBUTION, ETC. (IMPRINT)
Place of publication, distribution, etc ঢাকা :
Name of publisher, distributor, etc প্রতিভা প্রকাশ,
Date of publication, distribution, etc ২০১৮
300 ## - PHYSICAL DESCRIPTION
Pagination ৭৯ পৃ. :
Dimensions ২১ সেমি.
650 ## - SUBJECT ADDED ENTRY--TOPICAL TERM
Topical term or geographic name as entry element Collection of Short Stories
942 ## - ADDED ENTRY ELEMENTS (KOHA)
Source of classification or shelving scheme Dewey Decimal Classification
Koha item type Books
Holdings
Source of classification or shelving scheme Damaged status Not for loan Home library Current library Shelving location Date of accession Cost, normal purchase price Total Checkouts Full call number Barcode Date last seen Date checked out Copy number Method of acquisition Koha item type Currency
Dewey Decimal Classification     JCC Rouf Library JCC Rouf Library General Stacks 06/04/2023 160.00 3 891.4435 ROS 2018 17879 11/05/2025 10/29/2025 C-1 Purchase Books BDT

JCC Library | Contacts | JCC Home

Last Update on 23 September 2017
Copyright @ 2017-2020 JCC Rouf Library
Rouf Library, Jhenidah Cadet College (JCC), Bangladesh